<?xml version="1.0" encoding="UTF-8"?><?xml-stylesheet type="text/xsl" href="static/style.xsl"?><OAI-PMH xmlns="http://www.openarchives.org/OAI/2.0/" xmlns:xsi="http://www.w3.org/2001/XMLSchema-instance" xsi:schemaLocation="http://www.openarchives.org/OAI/2.0/ http://www.openarchives.org/OAI/2.0/OAI-PMH.xsd"><responseDate>2026-05-17T05:52:35Z</responseDate><request verb="GetRecord" identifier="oai:repisalud.isciii.es:20.500.12105/15630" metadataPrefix="marc">https://repisalud.isciii.es/rest/oai/request</request><GetRecord><record><header><identifier>oai:repisalud.isciii.es:20.500.12105/15630</identifier><datestamp>2025-05-12T07:36:19Z</datestamp><setSpec>com_20.500.12105_2052</setSpec><setSpec>com_20.500.12105_2051</setSpec><setSpec>col_20.500.12105_19620</setSpec></header><metadata><record xmlns="http://www.loc.gov/MARC21/slim" xmlns:dcterms="http://purl.org/dc/terms/" xmlns:doc="http://www.lyncode.com/xoai" xmlns:xsi="http://www.w3.org/2001/XMLSchema-instance" xsi:schemaLocation="http://www.loc.gov/MARC21/slim http://www.loc.gov/standards/marcxml/schema/MARC21slim.xsd">
   <leader>00925njm 22002777a 4500</leader>
   <datafield ind2=" " ind1=" " tag="042">
      <subfield code="a">dc</subfield>
   </datafield>
   <datafield ind2=" " ind1=" " tag="720">
      <subfield code="a">Bojo Canales, Cristina</subfield>
      <subfield code="e">author</subfield>
   </datafield>
   <datafield ind2=" " ind1=" " tag="720">
      <subfield code="a">Fraga-Medin, Cristina Alexandra</subfield>
      <subfield code="e">author</subfield>
   </datafield>
   <datafield ind2=" " ind1=" " tag="720">
      <subfield code="a">Hernandez Villegas, Silvia</subfield>
      <subfield code="e">author</subfield>
   </datafield>
   <datafield ind2=" " ind1=" " tag="720">
      <subfield code="a">Primo-Peña, Elena</subfield>
      <subfield code="e">author</subfield>
   </datafield>
   <datafield ind2=" " ind1=" " tag="260">
      <subfield code="c">2009</subfield>
   </datafield>
   <datafield ind2=" " ind1=" " tag="520">
      <subfield code="a">[ES] Se describe el modelo SciELO (Scientific Electronic Library Online) para la publicación y difusión electrónica de revistas científicas, su origen y evolución, su metodología, componentes, servicios y potencialidades, así como su implantación en España. Con 13 países participantes que suponen 8 portales certificados y 5 portales en desarrollo, más dos portales temáticos, en febrero de 2009 SciELO.org recogía 611 revistas y 195.789 artículos, de los cuales el 46% eran de Ciencias de la Salud, lo que lo convierte en una de las iniciativas de acceso abierto más importantes de cuantas existen. España se une al proyecto en 1999 y lanzó su portal "SciELO España" en 2001, con 4 revistas. En la actualidad incluye 39 títulos del área de Ciencias de la Salud, entre ellos la Revista Española de Sanidad Penitenciaria que se ha incorporado a la colección en 2007 y tiene accesibles 6 números correspondientes a los años 2007 y 2008. Se concluye afirmando que el modelo SciELO contribuye al desarrollo de la investigación y la ciencia, ofreciendo una solución eficiente y eficaz para impulsar y aumentar la difusión de las publicaciones científicas del área iberoamericana. [EN] The article describes the SciELO (Scientific Electronic Library Online) model for the electronic publication and dissemination of scientific journals, its origin and evolution, methodology, components, services and potential, and its implantation in Spain. It consists of thirteen participant countries with eight certified web portals, with another 5 under development and another two thematic ones. In February 2009 Scielo.org had 611 magazines and 195,789 articles of which 46% were about health sciences. Spain became a project member in 1999 and launched the SciELO web portal in 2001, as well as 4 magazines. It currently has 39 titles in the field of Health Sciences; one of which is the Revista Española de Sanidad Penitenciaria, which joined the project in 2007 and which currently has 6 issues from 2007 and 2008 available. This makes it one of the most important open access initiatives existing. The report concludes by stating that the SciELO model contributes to the development of research and science by offering an effective and efficient method of promoting and increasing the dissemination of scientific publications in Latin America.</subfield>
   </datafield>
   <datafield ind1="8" ind2=" " tag="024">
      <subfield code="a">Rev. esp. sanid. penit.2009, 11(2):49-56.</subfield>
   </datafield>
   <datafield ind1="8" ind2=" " tag="024">
      <subfield code="a">2013-6463</subfield>
   </datafield>
   <datafield ind1="8" ind2=" " tag="024">
      <subfield code="a">1575-0620</subfield>
   </datafield>
   <datafield ind1="8" ind2=" " tag="024">
      <subfield code="a">Revista Española de Sanidad Penitenciaria</subfield>
   </datafield>
   <datafield ind1="8" ind2=" " tag="024">
      <subfield code="a">http://hdl.handle.net/20.500.12105/15630</subfield>
   </datafield>
   <datafield tag="653" ind2=" " ind1=" ">
      <subfield code="a">Revistas Electrónicas</subfield>
   </datafield>
   <datafield tag="653" ind2=" " ind1=" ">
      <subfield code="a">Internet</subfield>
   </datafield>
   <datafield tag="653" ind2=" " ind1=" ">
      <subfield code="a">Diseminación de la información</subfield>
   </datafield>
   <datafield tag="653" ind2=" " ind1=" ">
      <subfield code="a">Electronic Journals</subfield>
   </datafield>
   <datafield tag="653" ind2=" " ind1=" ">
      <subfield code="a">Information Dissemination</subfield>
   </datafield>
   <datafield ind2="0" ind1="0" tag="245">
      <subfield code="a">SciELO: un proyecto cooperativo para la difusión de la ciencia</subfield>
   </datafield>
</record></metadata></record></GetRecord></OAI-PMH>